000 01007nam a22003377i 4500
003 URS
005 20220117094621.0
008 170815b xxu||||| |||| 00| 0 eng d
020 _ao-314-02947-8
040 _aDLC
_dDECON
_erda
_cURS
_beng
041 0 _aeng
042 _aDMLUC
050 _aHF 5691
_bAu761
100 1 _aAustin, Joe Dan....[et.al.],
_eauthor
245 1 0 _aThe mathematics of money :
_bmath for business and personal finance decisions /
_cTimothy J. Biehler.
246 3 0 _aMath for business and personal finance decisions
250 _a2nd edition
264 1 _aNew york :
_bWest Publishing Company,
_c[1995]
264 4 _c©1995
300 _axv,554-561
_billustrationss
_c27 cm
336 _2rdacontent
_atext
338 _2rdacarrier
_avolume
504 _aincludes,index,glossary
650 0 _aBusiness mathematics.
650 0 _aFinance, Personal.
700 _aHoward, Arthur C.
700 _aThomas, R.D
905 _aFO
942 _2lcc
_cFR
999 _c11503
_d11503